[Event "DC International 2014"]
[Site "Arlington, VA"]
[Date "2014.06.28"]
[Round "6"]
[White "Banik, Siddharth"]
[Black "Ivanov, Mike"]
[Result "0-1"]
[WhiteElo "2036"]
[BlackElo "2137"]
[PlyCount "56"]
[EventDate "2014.06.??"]
[EventType "swiss"]
[EventRounds "9"]
[EventCountry "USA"]

1. e4 e6 2. d4 d5 3. Nd2 Nc6 4. Ngf3 Nf6 5. e5 Nd7 6. Be2 f6 7. exf6 Qxf6 8.
Nf1 b6 9. Ne3 Bb7 10. O-O Bd6 11. c4 Ne7 12. b3 O-O-O 13. Bb2 h5 14. Rc1 Qh6
15. Qc2 Kb8 16. b4 dxc4 17. Nxc4 Bf4 18. Rb1 Nf5 19. a4 Qg6 20. Bc1 Bh6 21.
Bxh6 gxh6 22. g3 Nxg3 23. Qxg6 Nxe2+ 24. Kh1 Bxf3+ 25. Qg2 Bxg2+ 26. Kxg2 Rhg8+
27. Kh1 Nxd4 28. b5 Nf3 0-1

[Event "DC International 2014"]
[Site "Arlington, VA"]
[Date "2014.06.28"]
[Round "6"]
[White "Balasubramanian, Adithya"]
[Black "Nieto, Guillermo"]
[Result "1/2-1/2"]
[WhiteElo "2320"]
[BlackElo "1982"]
[PlyCount "222"]
[EventDate "2014.06.??"]
[EventType "swiss"]
[EventRounds "9"]
[EventCountry "USA"]

1. Nf3 c5 2. g3 g6 3. Bg2 Bg7 4. O-O Nc6 5. c4 d6 6. Nc3 e5 7. Ne1 Nge7 8. a3
a5 9. Nc2 O-O 10. Rb1 Be6 11. Nd5 Rb8 12. b4 b6 13. d3 h6 14. Bd2 axb4 15. axb4
Bxd5 16. cxd5 Nd4 17. Nxd4 exd4 18. h4 Qd7 19. Bf4 Kh7 20. Qd2 h5 21. Rfc1 Qc7
22. Ra1 Ra8 23. Ra2 Nf5 24. Be4 Qd7 25. Bxf5 Qxf5 26. bxc5 dxc5 27. d6 Be5 28.
Rb2 Bxf4 29. Qxf4 Qxf4 30. gxf4 Ra6 31. Rcb1 Rb8 32. Kg2 Kg7 33. d7 Rd8 34.
Rxb6 Ra2 35. Kf3 Rxd7 36. f5 gxf5 37. Rg1+ Kh7 38. Rf6 Re7 39. Rxf5 Kh6 40.
Rgg5 Rexe2 41. Rf6+ Kh7 42. Rxf7+ Kh6 43. Kg2 Rac2 44. Rgf5 Re6 45. Rc7 c4 46.
dxc4 d3 47. c5 d2 48. Rd7 Rc6 49. Rdd5 d1=Q 50. Rxd1 R2xc5 51. Rxc5 Rxc5 52.
Rd6+ Kg7 53. Kg3 Rc4 54. f3 Ra4 55. Rd5 Kh6 56. Rf5 Kg6 57. Rg5+ Kh6 58. Re5
Kg6 59. Re6+ Kg7 60. Re4 Ra5 61. Kf4 Kf6 62. Rb4 Rf5+ 63. Kg3 Ra5 64. Rb6+ Kg7
65. Rd6 Ra4 66. Re6 Rb4 67. Re4 Rb5 68. Rd4 Kf6 69. Rd6+ Kg7 70. Rd4 Kf6 71.
Rf4+ Kg7 72. Re4 Kf6 73. Re8 Kg6 74. Kf4 Kf6 75. Rf8+ Kg6 76. Rg8+ Kf6 77. Re8
Rb4+ 78. Kg3 Ra4 79. Rb8 Rc4 80. Rb5 Kg6 81. Rg5+ Kh6 82. Re5 Kg6 83. Re4 Rc5
84. Rb4 Kf6 85. Rf4+ Kg6 86. Kf2 Rc3 87. Rb4 Ra3 88. Kg3 Ra5 89. Kf4 Kf6 90.
Rb6+ Kg7 91. Re6 Ra4+ 92. Re4 Ra3 93. Re5 Kh6 94. Re3 Ra4+ 95. Re4 Ra3 96. Rd4
Ra5 97. Ke4 Kg6 98. Rd6+ Kg7 99. f4 Ra1 100. Kf5 Rg1 101. Rd7+ Kg8 102. Kf6 Rg4
103. f5 Rxh4 104. Rd8+ Kh7 105. Kf7 Rf4 106. f6 h4 107. Ke7 h3 108. Rd3 h2 109.
Rh3+ Kg6 110. Rxh2 Re4+ 111. Kd6 Kxf6 1/2-1/2

[Event "DC International 2014"]
[Site "Arlington, VA"]
[Date "2014.06.28"]
[Round "6"]
[White "Nieto, Manuel"]
[Black "Sinha, Sahil"]
[Result "0-1"]
[WhiteElo "2057"]
[BlackElo "1959"]
[PlyCount "74"]
[EventDate "2014.06.??"]
[EventType "swiss"]
[EventRounds "9"]
[EventCountry "USA"]

1. d4 Nf6 2. c4 e6 3. Nc3 Bb4 4. Qc2 O-O 5. a3 Bxc3+ 6. Qxc3 b6 7. f3 d5 8. Bg5
Ba6 9. e3 Nbd7 10. Nh3 h6 11. Bh4 c5 12. cxd5 Bxf1 13. Rxf1 exd5 14. Bxf6 Qxf6
15. Kf2 Qd6 16. Kg1 c4 17. e4 b5 18. e5 Qc6 19. f4 f5 20. Qf3 a5 21. g4 Nb6 22.
Kh1 Rae8 23. g5 Re6 24. Rg1 b4 25. axb4 axb4 26. Ra5 Ra8 27. Rc5 Qd7 28. Qh5
Kh8 29. g6 Na4 30. Qxf5 Nxc5 31. dxc5 d4 32. Qe4 Qc6 33. Nf2 c3 34. bxc3 dxc3
35. Qxc6 Rxc6 36. f5 b3 37. Nd3 b2 0-1

[Event "DC International 2014"]
[Site "Arlington, VA"]
[Date "2014.06.28"]
[Round "6"]
[White "Gorti, Akshita"]
[Black "Dixon, Dakota"]
[Result "0-1"]
[WhiteElo "1963"]
[BlackElo "2055"]
[PlyCount "94"]
[EventDate "2014.06.??"]
[EventType "swiss"]
[EventRounds "9"]
[EventCountry "USA"]

1. d4 Nf6 2. c4 g6 3. Nc3 Bg7 4. e4 d6 5. f3 O-O 6. Nge2 c5 7. d5 e6 8. Ng3
exd5 9. cxd5 Nbd7 10. Be2 a6 11. a4 Rb8 12. O-O Ne8 13. Be3 Nc7 14. a5 b5 15.
axb6 Rxb6 16. Ra2 Rb4 17. Qc2 Ne5 18. b3 Qh4 19. Bf2 Qe7 20. Be1 Rb8 21. h3 Nd7
22. Na4 Nb5 23. Bxb5 Rxb5 24. Bc3 Bxc3 25. Nxc3 Rb4 26. Raa1 Qg5 27. Kh2 Qf4
28. Rad1 f6 29. Na2 Rb6 30. Nc1 Ne5 31. Nce2 Qh6 32. Qc3 Qg7 33. f4 Nd7 34. Qc2
Re8 35. Nc3 Nf8 36. Na4 Rb4 37. Nb2 Qb7 38. Nc4 Qe7 39. e5 fxe5 40. fxe5 dxe5
41. d6 Qg7 42. Ne4 Bf5 43. Ncd2 Nd7 44. g4 Bxe4 45. Nxe4 Rf8 46. Ng5 Rf6 47.
Qg2 Qf8 0-1

[Event "DC International 2014"]
[Site "Arlington, VA"]
[Date "2014.06.28"]
[Round "6"]
[White "Gautam, Yogesh"]
[Black "Beckman, Thomas"]
[Result "1-0"]
[WhiteElo "2101"]
[BlackElo "1961"]
[PlyCount "65"]
[EventDate "2014.06.??"]
[EventType "swiss"]
[EventRounds "9"]
[EventCountry "USA"]

1. e4 e6 2. d4 d5 3. Nd2 Be7 4. Bd3 c5 5. c3 Nc6 6. Ne2 cxd4 7. cxd4 Nb4 8. Bb1
Bd7 9. O-O Bb5 10. a3 Nd3 11. Qb3 Bc4 12. Nxc4 dxc4 13. Qxc4 Nxc1 14. Rxc1 Nf6
15. e5 Nd5 16. Be4 O-O 17. Bxd5 exd5 18. Qb5 b6 19. Nc3 Bg5 20. Rd1 Rc8 21.
Qxd5 Qe7 22. Qe4 f5 23. Qd3 Rc6 24. f4 Bxf4 25. Qf3 Qh4 26. Qxc6 Be3+ 27. Kh1
Bf4 28. g3 Bxg3 29. Qg2 f4 30. Kg1 Rf5 31. hxg3 fxg3 32. Ne2 Rf3 33. Qxf3 1-0

[Event "DC International 2014"]
[Site "Arlington, VA"]
[Date "2014.06.28"]
[Round "6"]
[White "Yagiz, Bora"]
[Black "Helfst, Matt"]
[Result "1/2-1/2"]
[WhiteElo "1932"]
[BlackElo "1951"]
[PlyCount "40"]
[EventDate "2014.06.??"]
[EventType "swiss"]
[EventRounds "9"]
[EventCountry "USA"]

1. e4 d5 2. exd5 Qxd5 3. Nc3 Qa5 4. Bc4 Nf6 5. Qe2 Bf5 6. d3 e6 7. Nf3 Bb4 8.
Bd2 Nbd7 9. Nd4 O-O-O 10. Nb3 Qe5 11. a3 Bxc3 12. Bxc3 Qxe2+ 13. Kxe2 Nd5 14.
Bd4 N5b6 15. Bxb6 Nxb6 16. Nd2 Nxc4 17. Nxc4 e5 18. Ne3 Bg6 19. g4 Rd4 20. f3
f6 1/2-1/2

[Event "DC International 2014"]
[Site "Arlington, VA"]
[Date "2014.06.28"]
[Round "6"]
[White "Senft, Sean"]
[Black "Lopez, Jorge"]
[Result "1-0"]
[WhiteElo "1912"]
[BlackElo "2042"]
[PlyCount "55"]
[EventDate "2014.06.??"]
[EventType "swiss"]
[EventRounds "9"]
[EventCountry "USA"]

1. d4 Nf6 2. c4 e6 3. Nc3 Bb4 4. Qc2 d5 5. cxd5 exd5 6. Bg5 O-O 7. e3 c5 8. Nf3
Nbd7 9. a3 Qa5 10. Rc1 Bxc3+ 11. Qxc3 Qxc3+ 12. bxc3 c4 13. Be2 Ne4 14. Bh4 Re8
15. Nd2 Ndf6 16. f3 Nxd2 17. Kxd2 Nd7 18. e4 dxe4 19. Bxc4 exf3 20. gxf3 Nf8
21. Rb1 Be6 22. Bxe6 Nxe6 23. Rxb7 g5 24. Bxg5 Kg7 25. Be3 Red8 26. Rg1+ Kf6
27. Bf2 Rg8 28. Bh4+ 1-0

[Event "DC International 2014"]
[Site "Arlington, VA"]
[Date "2014.06.29"]
[Round "7.1"]
[White "Kannappan, Priyadharshan"]
[Black "Suarez, Isan"]
[Result "0-1"]
[WhiteElo "2443"]
[BlackElo "2588"]
[PlyCount "82"]
[EventDate "2014.06.??"]
[EventType "swiss"]
[EventRounds "9"]
[EventCountry "USA"]
[WhiteClock "0:00:57"]
[BlackClock "0:01:05"]

1. e4 c5 2. Nf3 d6 3. d4 cxd4 4. Nxd4 Nf6 5. Nc3 a6 6. h3 e6 7. g4 h6 8. Be3
Nc6 9. Bg2 Qc7 10. Qe2 g5 11. Nxc6 bxc6 12. e5 dxe5 13. Qc4 Nd5 14. Bxd5 exd5
15. Nxd5 Qd6 16. O-O-O cxd5 17. Rxd5 Be6 18. Qa4+ Bd7 19. Qa5 Qc6 20. Rhd1 Rc8
21. c3 Be6 22. Rd8+ Ke7 23. R1d6 Qc4 24. Rxc8 Qxc8 25. Qxe5 f6 26. Qd4 Kf7 27.
Rd8 Qb7 28. Qa4 Bg7 29. Rd6 Rb8 30. b3 Rc8 31. Bd4 a5 32. Kb2 Bf8 33. Rb6 Qe4
34. Qb5 a4 35. bxa4 Be7 36. Ka1 Ra8 37. Rb7 Bd5 38. Rd7 Qe1+ 39. Qb1 Qxb1+ 40.
Kxb1 Ke6 41. Ra7 Rxa7 0-1

[Event "DC International 2014"]
[Site "Arlington, VA"]
[Date "2014.06.29"]
[Round "7.2"]
[White "Azarov, Sergei"]
[Black "Perez, Yuniesky"]
[Result "1/2-1/2"]
[WhiteElo "2610"]
[BlackElo "2642"]
[PlyCount "83"]
[EventDate "2014.06.??"]
[EventType "swiss"]
[EventRounds "9"]
[EventCountry "USA"]
[WhiteClock "0:00:25"]
[BlackClock "0:00:24"]

1. e4 e5 2. Nf3 Nc6 3. d4 exd4 4. Nxd4 Bc5 5. Nb3 Bb6 6. Nc3 Nf6 7. Qe2 d6 8.
Be3 Qe7 9. O-O-O Be6 10. g3 O-O-O 11. Bxb6 axb6 12. Bg2 Kb8 13. Nd4 Nxd4 14.
Rxd4 g5 15. Kb1 g4 16. f4 gxf3 17. Qxf3 c6 18. h3 Nd7 19. Rhd1 Ne5 20. Qf2 h5
21. Rb4 d5 22. Rbd4 dxe4 23. Nxe4 Bd5 24. b3 Bxe4 25. Rxd8+ Rxd8 26. Rxd8+ Qxd8
27. Bxe4 b5 28. a3 f6 29. Ka2 Ka8 30. h4 Qh8 31. Bf5 Kb8 32. Qf4 Ka8 33. a4
bxa4 34. Qxa4+ Kb8 35. Qf4 Ka8 36. Bh3 Qd8 37. Kb2 Qd1 38. Bf5 Qe1 39. Qd4 Qxg3
40. Qd8+ Ka7 41. Qa5+ Kb8 42. Qd8+ 1/2-1/2

[Event "DC International 2014"]
[Site "Arlington, VA"]
[Date "2014.06.29"]
[Round "7.3"]
[White "Nagle, Sean"]
[Black "Barbosa, Oliver"]
[Result "0-1"]
[WhiteElo "2411"]
[BlackElo "2592"]
[PlyCount "63"]
[EventDate "2014.06.??"]
[EventType "swiss"]
[EventRounds "9"]
[EventCountry "USA"]
[WhiteClock "0:00:16"]
[BlackClock "0:05:55"]

1. Nf3 d5 2. d4 Nf6 3. c4 c6 4. cxd5 cxd5 5. Nc3 Nc6 6. Bf4 e6 7. e3 Be7 8. Bd3
O-O 9. Rc1 Bd7 10. Ne5 Be8 11. O-O Nxe5 12. dxe5 Nd7 13. Bb1 Qb6 14. Qe2 f6 15.
exf6 Nxf6 16. Be5 Bh5 17. Qd2 Rac8 18. h3 a6 19. Bd4 Qd6 20. f4 b5 21. a3 Qb8
22. Bd3 Bg6 23. Bxg6 hxg6 24. Qd3 Kf7 25. a4 bxa4 26. Qxa6 Qb3 27. Bxf6 gxf6
28. f5 gxf5 29. Qe2 a3 30. Rf4 Rh8 31. Rb1 Rxc3 32. Ra1 0-1

[Event "DC International 2014"]
[Site "Arlington, VA"]
[Date "2014.06.29"]
[Round "7.4"]
[White "Boros, Denes"]
[Black "Korley, Kassa"]
[Result "1-0"]
[WhiteElo "2474"]
[BlackElo "2412"]
[PlyCount "51"]
[EventDate "2014.06.??"]
[EventType "swiss"]
[EventRounds "9"]
[EventCountry "USA"]
[WhiteClock "0:09:05"]
[BlackClock "0:23:28"]

1. e4 c5 2. Nf3 Nc6 3. d4 cxd4 4. Nxd4 Nf6 5. Nc3 d6 6. Bg5 Bd7 7. Qd2 h6 8.
Bxf6 gxf6 9. O-O-O Nxd4 10. Qxd4 Qa5 11. Bc4 Rc8 12. Bb3 Qc5 13. Qd2 e6 14. f4
b5 15. f5 h5 16. Kb1 Qe5 17. Ne2 Rg8 18. g3 Rg4 19. Nf4 Bh6 20. Rhf1 Ke7 21. a3
Rh8 22. Rf3 h4 23. Rd3 Rxf4 24. Rxd6 Rxe4 25. Rxd7+ Kf8 26. Rxf7+ 1-0

[Event "DC International 2014"]
[Site "Arlington, VA"]
[Date "2014.06.29"]
[Round "7"]
[White "Vidal, Yuri"]
[Black "Li, Ruifeng"]
[Result "1-0"]
[WhiteElo "2557"]
[BlackElo "2305"]
[PlyCount "65"]
[EventDate "2014.06.??"]
[EventType "swiss"]
[EventRounds "9"]
[EventCountry "USA"]

1. Nf3 c5 2. c4 Nc6 3. g3 Nf6 4. Bg2 d6 5. O-O g6 6. d4 cxd4 7. Nxd4 Bd7 8. Nc3
Bg7 9. Nc2 O-O 10. b3 Rc8 11. Bb2 Qa5 12. Rb1 a6 13. a3 b5 14. b4 Qb6 15. Ne3
Rfe8 16. Rc1 Ne5 17. cxb5 axb5 18. Ncd5 Nxd5 19. Nxd5 Rxc1 20. Qxc1 Qa7 21. Qa1
e6 22. Ne3 Bh6 23. Bd4 Qc7 24. f4 Nc6 25. Bxc6 Qxc6 26. Ng4 e5 27. Nxh6+ Kg7
28. fxe5 Bh3 29. e6+ Kxh6 30. Be3+ Kh5 31. g4+ Kxg4 32. Rf4+ Kh5 33. Rh4+ 1-0

[Event "DC International 2014"]
[Site "Arlington, VA"]
[Date "2014.06.29"]
[Round "7"]
[White "Paragua, Mark"]
[Black "Hua, David"]
[Result "1-0"]
[WhiteElo "2510"]
[BlackElo "2272"]
[PlyCount "133"]
[EventDate "2014.06.??"]
[EventType "swiss"]
[EventRounds "9"]
[EventCountry "USA"]

1. d4 Nf6 2. Bg5 d5 3. Bxf6 exf6 4. e3 Bd6 5. g3 O-O 6. Bg2 f5 7. Ne2 c6 8. O-O
Nd7 9. Qd3 Nf6 10. b3 Qe7 11. c4 Be6 12. Nbc3 dxc4 13. bxc4 Rad8 14. Rab1 h5
15. Rfd1 h4 16. d5 Bc8 17. Nd4 hxg3 18. hxg3 cxd5 19. Nxf5 Bxf5 20. Qxf5 dxc4
21. Rxb7 Qe5 22. Qxe5 Bxe5 23. Nd5 c3 24. Ne7+ Kh8 25. Rc1 Rd7 26. Rxd7 Nxd7
27. Nc6 Bf6 28. Kf1 Rc8 29. Ke2 Ne5 30. Nd4 Rc5 31. f4 Nd7 32. Kd3 Ra5 33. Rc2
Nb6 34. Nb3 Nd5 35. a3 Rb5 36. Bxd5 Rxd5+ 37. Nd4 g5 38. Rxc3 gxf4 39. gxf4 Kg7
40. a4 Bxd4 41. exd4 Ra5 42. Rc4 Kf6 43. Kc3 Ke6 44. Rb4 Rf5 45. Rb7 Rxf4 46.
Rxa7 Rf1 47. Ra6+ Kd5 48. Ra5+ Kd6 49. Rb5 Rc1+ 50. Kb3 Rd1 51. Kc3 Rc1+ 52.
Kd3 Rd1+ 53. Ke3 Re1+ 54. Kd2 Ra1 55. a5 Kc6 56. Rf5 Kd6 57. Kc3 Rc1+ 58. Kb4
Rb1+ 59. Kc4 Rc1+ 60. Kb5 Rb1+ 61. Ka6 Rb4 62. Rb5 Rxd4 63. Kb7 Re4 64. a6 Re7+
65. Kb6 Re1 66. a7 Ra1 67. Ra5 1-0

[Event "DC International 2014"]
[Site "Arlington, VA"]
[Date "2014.06.29"]
[Round "7"]
[White "Aripov, Iskandar"]
[Black "Cheng, Bindi"]
[Result "1/2-1/2"]
[WhiteElo "2213"]
[BlackElo "2410"]
[PlyCount "84"]
[EventDate "2014.06.??"]
[EventType "swiss"]
[EventRounds "9"]
[EventCountry "USA"]

1. d4 Nf6 2. c4 c5 3. d5 e6 4. Nc3 exd5 5. cxd5 d6 6. e4 g6 7. Nf3 a6 8. a4 Bg4
9. Be2 Bxf3 10. Bxf3 Bg7 11. O-O O-O 12. Bf4 Ne8 13. Qb3 Qc7 14. Nd1 Nd7 15.
Ne3 Ne5 16. Be2 Rb8 17. Bg3 b5 18. axb5 axb5 19. Qc2 Qb6 20. f4 Nd7 21. Bf2 Nc7
22. Rad1 Na6 23. Bg4 Qb7 24. Qb1 c4 25. Bxd7 Qxd7 26. Nc2 Rbc8 27. h3 Rfe8 28.
Rde1 Qb7 29. Kh1 b4 30. Ne3 Qb5 31. Ng4 h5 32. Nh2 c3 33. bxc3 Rxc3 34. f5 b3
35. e5 Qd3 36. f6 Qxb1 37. Rxb1 Bh6 38. exd6 Rd8 39. Be1 Rd3 40. Rf3 Rxd5 41.
Rbxb3 R5xd6 42. Rf1 Nc5 1/2-1/2

[Event "DC International 2014"]
[Site "Arlington, VA"]
[Date "2014.06.29"]
[Round "7"]
[White "Vigorito, David"]
[Black "Sapozhnikov, Roman"]
[Result "1-0"]
[WhiteElo "2409"]
[BlackElo "2298"]
[PlyCount "61"]
[EventDate "2014.06.??"]
[EventType "swiss"]
[EventRounds "9"]
[EventCountry "USA"]

1. Nf3 Nf6 2. c4 e6 3. g3 d5 4. d4 Bb4+ 5. Bd2 Be7 6. Bg2 O-O 7. O-O c6 8. Qc2
Nbd7 9. Bf4 b6 10. Rd1 Ba6 11. Ne5 Rc8 12. Nc3 Nh5 13. Bc1 f5 14. Qa4 Nxe5 15.
cxd5 cxd5 16. dxe5 Bb7 17. Qxa7 Bc6 18. Be3 b5 19. Bc5 Rf7 20. Bxe7 Rxe7 21.
Qd4 Be8 22. e3 Rc4 23. Qd3 Qa5 24. a4 Qb4 25. axb5 g6 26. Nxd5 exd5 27. Bxd5+
Bf7 28. Ra8+ Kg7 29. Qxc4 Qxc4 30. Bxc4 Bxc4 31. b6 1-0

[Event "DC International 2014"]
[Site "Arlington, VA"]
[Date "2014.06.29"]
[Round "7"]
[White "Vibbert, Sean"]
[Black "Wheeler, Cameron"]
[Result "1-0"]
[WhiteElo "2316"]
[BlackElo "2242"]
[PlyCount "134"]
[EventDate "2014.06.??"]
[EventType "swiss"]
[EventRounds "9"]
[EventCountry "USA"]

1. e4 e6 2. Nc3 d5 3. d4 Nf6 4. Bg5 Be7 5. e5 Nfd7 6. Bxe7 Qxe7 7. f4 a6 8. Nf3
c5 9. Qd2 Nc6 10. dxc5 Qxc5 11. Bd3 b5 12. a3 Bb7 13. Qf2 h6 14. Ne2 O-O 15.
Ned4 Rae8 16. O-O Nxd4 17. Qxd4 f6 18. Qxc5 Nxc5 19. Nd4 Ne4 20. c3 Nd2 21. Rf2
fxe5 22. fxe5 Rxf2 23. Kxf2 Nc4 24. Bxc4 dxc4 25. g3 Bd5 26. Rf1 Kf7 27. Ke3+
Ke7 28. Ne2 Bg2 29. Rf2 Bh3 30. Nd4 Bf5 31. g4 Bg6 32. h4 Rc8 33. h5 Bd3 34.
Rf4 Rc5 35. Nf3 Rd5 36. Rd4 Bc2 37. Rxd5 exd5 38. Nd4 Bb1 39. Kf4 g6 40. hxg6
Bxg6 41. Nc6+ Kd7 42. Nb8+ Kc7 43. Nxa6+ Kb6 44. Nb4 Kc5 45. Ke3 Bb1 46. e6 Kd6
47. Kd4 Kxe6 48. Nxd5 Bc2 49. Ne3 Bd3 50. Kc5 Ke5 51. Kxb5 Kf4 52. Nf5 h5 53.
gxh5 Kxf5 54. a4 Kg5 55. a5 Kxh5 56. a6 Kg5 57. a7 Be4 58. Kxc4 Kf6 59. Kc5 Ke6
60. c4 Kd7 61. Kb6 Ba8 62. b4 Bc6 63. b5 Be4 64. c5 Ba8 65. c6+ Kd6 66. Ka5 Ke6
67. Ka6 Kd6 1-0

[Event "DC International 2014"]
[Site "Arlington, VA"]
[Date "2014.06.29"]
[Round "7"]
[White "Wang, Qibiao"]
[Black "Shetty, Atulya"]
[Result "1/2-1/2"]
[WhiteElo "2164"]
[BlackElo "2302"]
[PlyCount "142"]
[EventDate "2014.06.??"]
[EventType "swiss"]
[EventRounds "9"]
[EventCountry "USA"]

1. e4 c5 2. Nf3 d6 3. d4 cxd4 4. c3 Nf6 5. e5 dxe5 6. Nxe5 Nbd7 7. Qxd4 e6 8.
Bb5 a6 9. Nxd7 Bxd7 10. Bxd7+ Qxd7 11. Qxd7+ Nxd7 12. Be3 Bc5 13. Nd2 Ke7 14.
Ke2 Bxe3 15. Kxe3 Rhd8 16. Rhd1 Ne5 17. f4 Ng4+ 18. Ke2 Rac8 19. Nf3 Nf6 20.
Rxd8 Rxd8 21. c4 Ne4 22. Rc1 h6 23. c5 Rc8 24. b4 Nf6 25. g3 Nd5 26. a3 Rd8 27.
Ne5 g5 28. Kf3 Nc7 29. Nc4 Nb5 30. a4 Rd3+ 31. Ke2 Rc3 32. Kd2 Rxc1 33. Kxc1
Nd4 34. fxg5 hxg5 35. Na5 Kd7 36. Nxb7 Nc6 37. b5 axb5 38. axb5 Nd4 39. Nd6 f5
40. h4 gxh4 41. gxh4 Nb3+ 42. Kd1 Nxc5 43. Nc4 Ke7 44. Ke2 Kf6 45. b6 Kg6 46.
Kf3 Kh5 47. Kg3 Ne4+ 48. Kh3 Nc5 49. Ne5 Nb7 50. Nd3 Kh6 51. Kg3 Kg6 52. Ne5+
Kh6 53. Kf4 Kh5 54. Nf3 Nd6 55. Kg3 Kg6 56. Ne5+ Kh5 57. Nd3 Kg6 58. Nc5 e5 59.
b7 Nxb7 60. Nxb7 Kh5 61. Nd6 Kg6 62. Nc4 Kf6 63. Kh3 Ke6 64. h5 Kf6 65. Kh4 e4
66. Ne3 f4 67. Nd5+ Kf5 68. Ne7+ Kf6 69. Ng6 Kf5 70. Ne7+ Kf6 71. Nd5+ Kf5
1/2-1/2

[Event "DC International 2014"]
[Site "Arlington, VA"]
[Date "2014.06.29"]
[Round "7"]
[White "Ivanov, Mike"]
[Black "Ippolito, Dean"]
[Result "0-1"]
[WhiteElo "2137"]
[BlackElo "2430"]
[PlyCount "92"]
[EventDate "2014.06.??"]
[EventType "swiss"]
[EventRounds "9"]
[EventCountry "USA"]

1. e4 c5 2. Nf3 e6 3. c3 d5 4. e5 d4 5. Bd3 Ne7 6. O-O g6 7. Na3 Bg7 8. cxd4
Nec6 9. Nb5 O-O 10. b3 a6 11. Nd6 Nxd4 12. Bb2 Nbc6 13. Re1 Nxe5 14. Nxe5 Qxd6
15. f4 Rd8 16. Re3 f6 17. Bxd4 Qxd4 18. Nc4 Qxf4 19. Rc1 Qc7 20. b4 f5 21. Kh1
cxb4 22. Qe1 f4 23. Rf3 Bd7 24. Ne3 Qe5 25. Ng4 Qxe1+ 26. Rxe1 Bc6 27. Rh3 f3
28. Bc4 fxg2+ 29. Kg1 Bd4+ 30. Ne3 Bd5 31. Bxd5 Rxd5 32. Kxg2 Bxe3 33. Rhxe3
Rxd2+ 34. Kg3 Re8 35. Rb1 Rxa2 36. Rxb4 b5 37. Rd4 Re7 38. Rd6 b4 39. Kf4 e5+
40. Kg5 Kg7 41. h3 Rf7 42. Re4 Rf5+ 43. Kh4 Rf4+ 44. Rxf4 exf4 45. Rd7+ Kf6 46.
Rd6+ Ke5 0-1

[Event "DC International 2014"]
[Site "Arlington, VA"]
[Date "2014.06.29"]
[Round "7"]
[White "Zheng, Andrew"]
[Black "Gulamali, Kazim"]
[Result "0-1"]
[WhiteElo "2031"]
[BlackElo "2300"]
[PlyCount "96"]
[EventDate "2014.06.??"]
[EventType "swiss"]
[EventRounds "9"]
[EventCountry "USA"]

1. d4 Nf6 2. c4 e6 3. Nc3 Bb4 4. e3 c5 5. Nf3 O-O 6. Be2 d5 7. O-O Nc6 8. a3
Bxc3 9. bxc3 dxc4 10. Bxc4 Qc7 11. Qc2 e5 12. d5 Na5 13. Ba2 c4 14. e4 Bg4 15.
Ne1 Nd7 16. f3 Bh5 17. g4 Bg6 18. Be3 b5 19. Ng2 Nc5 20. Kh1 Nab7 21. Nh4 Nd3
22. Nf5 f6 23. Qd1 Kh8 24. Bb1 Nbc5 25. Bc2 Be8 26. Qd2 Bd7 27. Bxc5 Nxc5 28.
Rg1 g6 29. Ne3 Nb7 30. a4 a6 31. axb5 axb5 32. Rxa8 Rxa8 33. g5 Qd6 34. Ng4
Bxg4 35. fxg4 Rf8 36. Kg2 fxg5 37. Qxg5 Kg7 38. Rb1 h6 39. Qe3 Qd7 40. Qg3 Rf4
41. h3 Nd6 42. Qe3 Qe7 43. Ra1 Rf7 44. Bd1 Qb7 45. Rb1 Qa7 46. Qxa7 Rxa7 47.
Bf3 Ra2+ 48. Kf1 Rc2 0-1

[Event "DC International 2014"]
[Site "Arlington, VA"]
[Date "2014.06.29"]
[Round "7"]
[White "Hughes, John"]
[Black "Marshall, Mario"]
[Result "1-0"]
[WhiteElo "2220"]
[BlackElo "2009"]
[PlyCount "64"]
[EventDate "2014.06.??"]
[EventType "swiss"]
[EventRounds "9"]
[EventCountry "USA"]

1. e4 d5 2. exd5 Nf6 3. d4 Bg4 4. Nf3 Qxd5 5. Be2 Nc6 6. O-O O-O-O 7. c4 Qf5 8.
Be3 e5 9. d5 e4 10. Ng5 Ne5 11. Bxg4 Nfxg4 12. Qd4 Nxe3 13. Qxe3 Nxc4 14. Qxa7
Nb6 15. Nh3 Rxd5 16. Rc1 Bc5 17. Nc3 Rd2 18. Nxe4 Qxe4 19. Rxc5 Rhd8 20. Rcc1
Qd4 21. g3 g5 22. Rf1 Qg4 23. Rac1 Rxb2 24. Qa3 Rbd2 25. Qc5 Nd5 26. Qa5 Rb2
27. Rfd1 Nb6 28. Rxd8+ Kxd8 29. Qc3 Qe2 30. Re1 Qd2 31. Qf6+ Kc8 32. Re8+ Kd7
1-0

[Event "DC International 2014"]
[Site "Arlington, VA"]
[Date "2014.06.29"]
[Round "7"]
[White "Leon, Isaac"]
[Black "De Fotis, Gary"]
[Result "1/2-1/2"]
[WhiteElo "2127"]
[BlackElo "1980"]
[PlyCount "100"]
[EventDate "2014.06.??"]
[EventType "swiss"]
[EventRounds "9"]
[EventCountry "USA"]

1. d4 Nf6 2. c4 e6 3. Nc3 Bb4 4. e3 b6 5. Nge2 Ba6 6. a3 Bxc3+ 7. Nxc3 d5 8.
Qf3 O-O 9. Be2 Qd7 10. cxd5 Bxe2 11. Nxe2 exd5 12. O-O Nc6 13. Bd2 Ne4 14. Rfd1
Nxd2 15. Rxd2 Na5 16. Rc2 Rac8 17. Nf4 c6 18. Nd3 f6 19. h3 Rfe8 20. Re1 Re7
21. Nb4 Qe6 22. Rec1 Rd7 23. Nd3 Rd6 24. Qg4 Qxg4 25. hxg4 Re8 26. Nb4 Ree6 27.
a4 Kf7 28. g3 Ke7 29. Kg2 Kd7 30. Nd3 Re8 31. g5 fxg5 32. Ne5+ Kc7 33. b4 Nc4
34. Nxc4 dxc4 35. Rxc4 Kd7 36. b5 Rc8 37. e4 h5 38. e5 Rh6 39. bxc6+ Rcxc6 40.
e6+ Rcxe6 41. Rc7+ Kd6 42. Rxg7 Re4 43. Rcc7 Rxd4 44. Rcd7+ Kc5 45. Rxg5+ Kc4
46. Rxa7 h4 47. gxh4 Rdxh4 48. Rf7 Kb3 49. Rb5+ Kxa4 50. Rb1 Rb4 1/2-1/2

[Event "DC International 2014"]
[Site "Arlington, VA"]
[Date "2014.06.29"]
[Round "7"]
[White "Ramachandran, Karthik"]
[Black "Senft, Sean"]
[Result "1-0"]
[WhiteElo "2125"]
[BlackElo "1912"]
[PlyCount "137"]
[EventDate "2014.06.??"]
[EventType "swiss"]
[EventRounds "9"]
[EventCountry "USA"]

1. Nf3 d5 2. g3 Nf6 3. Bg2 e6 4. c4 c6 5. b3 Bd6 6. Bb2 Nbd7 7. d4 O-O 8. O-O
Re8 9. Nc3 b6 10. Qc2 Bb7 11. e4 dxe4 12. Nxe4 Nxe4 13. Qxe4 Nf6 14. Qe2 c5 15.
Rad1 Qe7 16. Rfe1 Rad8 17. d5 exd5 18. Bxf6 Qxe2 19. Rxe2 gxf6 20. Rxe8+ Rxe8
21. Nh4 Bc8 22. Bxd5 Bc7 23. Kf1 Bh3+ 24. Bg2 Bg4 25. f3 Bc8 26. f4 Rd8 27. Re1
Bd7 28. Bd5 Kf8 29. Kf2 b5 30. Ng2 bxc4 31. Bxc4 Bg4 32. Ne3 Rd2+ 33. Be2 Bc8
34. Rc1 Bb6 35. Rc2 Rxc2 36. Nxc2 c4+ 37. Ne3 cxb3 38. axb3 Be6 39. Bd1 Ke7 40.
Kf3 h6 41. Bc2 Bxe3 42. Kxe3 f5 43. Kd4 Kd6 44. b4 f6 45. Bd3 Bc8 46. Bc4 Bd7
47. Bd5 Bc8 48. Bg2 Bd7 49. Kc4 Be8 50. Bb7 Bd7 51. Ba6 Be8 52. Bc8 Bf7+ 53.
Kb5 Kd5 54. Bxf5 Be8+ 55. Ka5 Kd4 56. Bc2 Ke3 57. Ba4 Bf7 58. Ka6 Kf2 59. Bc6
Kg1 60. h4 Kf2 61. g4 Kg3 62. g5 fxg5 63. hxg5 hxg5 64. fxg5 Kf4 65. Kxa7 Kxg5
66. b5 Be6 67. b6 Bc8 68. Kb8 Be6 69. Kc7 1-0

[Event "DC International 2014"]
[Site "Arlington, VA"]
[Date "2014.06.29"]
[Round "7"]
[White "Dixon, Dakota"]
[Black "Nguyen, Tan"]
[Result "1-0"]
[WhiteElo "2055"]
[BlackElo "1870"]
[PlyCount "95"]
[EventDate "2014.06.??"]
[EventType "swiss"]
[EventRounds "9"]
[EventCountry "USA"]

1. d4 d6 2. c4 g6 3. Nc3 Bg7 4. e4 Nf6 5. Nf3 O-O 6. Be2 e5 7. O-O Nc6 8. d5
Ne7 9. Ne1 Nd7 10. Nd3 f5 11. Bd2 a5 12. f3 f4 13. a3 Rf7 14. b4 axb4 15. axb4
Rxa1 16. Qxa1 Bf8 17. Nb5 Nf6 18. Qa8 g5 19. Nf2 h5 20. Na7 Rg7 21. h3 g4 22.
fxg4 hxg4 23. Bxg4 Nxg4 24. Nxg4 c6 25. Nxc8 Nxc8 26. Qa5 b6 27. Qa2 Ra7 28.
Qb2 cxd5 29. cxd5 Bg7 30. Ra1 b5 31. Rxa7 Qb6+ 32. Be3 fxe3 33. Rxg7+ Kxg7 34.
Qe2 Qd4 35. Qxe3 Ne7 36. Kh2 Ng6 37. Qh6+ Kf7 38. Qh7+ Kf8 39. Qxg6 Qd2 40.
Qxd6+ Kg8 41. Nf6+ Kg7 42. Qxe5 Kf7 43. d6 Kg6 44. Nd5 Kh7 45. d7 Qh6 46. Qe7+
Kg6 47. Qf6+ Kh7 48. Qxh6+ 1-0